000 00500cam a2200145 4500500
005 20251012020525.0
041 _afre
042 _adc
100 1 0 _aPassicos, Jean
_eauthor
245 0 0 _aLe chapitre cathédral en France, 1983 – 1999 quelles perspectives d'avenir ?
260 _c2000.
500 _a85
786 0 _nL'Année canonique | XLII | 1 | 2000-02-11 | p. 21-35 | 0570-1953
856 4 1 _uhttps://shs.cairn.info/revue-l-annee-canonique-2000-1-page-21?lang=fr&redirect-ssocas=7080
999 _c1535804
_d1535804